=LDR 00000nam 2200000 4500 =001 NUTBA000000000003253 =005 20241024121548 =035 ##$$a 0010-081400000000097 =008 241024################g##########0#ind## =020 ##$$a 978-602-18854-6-8 =040 ##$$a NBPDMAT =082 ##$$a 510 =090 ##$$a 371.3 $b Irz p =100 ##$$a Irzani =245 1#$$a Pengembangan program pembelajaran matematika /$c Irzani, Alkusaeri =260 ##$$a Mataram :$b Yazidopress,$c 2013 =300 ##$$a viii, 158 hlm. ; $c 21 cm =650 #4$$a Matematika =084 ##$$a 510 IRZ p =250 ##$$a Cet. 1 =700 #$$a Alkusaeri =504 ##$$a Bibliografi: hlm. 155-157 =990 ##$$a 21404162 =990 ##$$a 21404163 =990 ##$$a 21404164 =990 ##$$a 21404165 =990 ##$$a 21404166 =990 ##$$a 3202402440 =990 ##$$a 3202402440 =990 ##$$a 21404162 =990 ##$$a 21404163 =990 ##$$a 21404164 =990 ##$$a 21404165 =990 ##$$a 21404166 =990 ##$$a 21404166 =990 ##$$a 21404162 =990 ##$$a 21404163 =990 ##$$a 21404164 =990 ##$$a 21404165 =990 ##$$a 3202402440 =990 ##$$a 21404165 =990 ##$$a 21404162 =990 ##$$a 21404163 =990 ##$$a 21404164 =990 ##$$a 21404166 =990 ##$$a 3202402440 =990 ##$$a 21404164 =990 ##$$a 21404162 =990 ##$$a 21404163 =990 ##$$a 21404165 =990 ##$$a 21404166 =990 ##$$a 3202402440 =990 ##$$a 21404166 =990 ##$$a 21404162 =990 ##$$a 21404163 =990 ##$$a 21404164 =990 ##$$a 21404165 =990 ##$$a 3202402440 =990 ##$$a 21404165 =990 ##$$a 21404162 =990 ##$$a 21404163 =990 ##$$a 21404164 =990 ##$$a 21404166 =990 ##$$a 3202402440 =990 ##$$a 21404164 =990 ##$$a 21404162 =990 ##$$a 21404163 =990 ##$$a 21404165 =990 ##$$a 21404166 =990 ##$$a 3202402440 =990 ##$$a 21404163 =990 ##$$a 21404162 =990 ##$$a 21404164 =990 ##$$a 21404165 =990 ##$$a 21404166 =990 ##$$a 3202402440 =990 ##$$a 21404162 =990 ##$$a 21404163 =990 ##$$a 21404164 =990 ##$$a 21404165 =990 ##$$a 21404166 =990 ##$$a 3202402440